000 00988nam a2200313 i 4500
003 EG-GICUC
005 20260121101419.0
008 251203s1994 fr ||||fr|||| 001 0 fre d
020 _a2225844194
040 _a EG-GICUC
_bfre
_c EG-GICUC
_d EG-GICUC
_erda
041 0 _hfre
082 0 4 _221
_a343.11223
_bRE . D
092 0 4 _221
099 _aLaw1 10 343.11223 RE . D 1994
100 0 _aRenucci, Jean-François
_eAuteur
245 1 0 _aDroits Pénal Des Mineurs /
_cPar Jean-François Renucci.
264 1 _aParis :
_bMasson,
_c1994.
300 _a237 pages ;
_c24 cm.
336 _2rda content
_atext
337 _2rda media
_aComputer
338 _2rda carrier
_aOnline Resource
490 _aCollection Droit - Sciences Économiques
504 _aComprend des références bibliographiques.
546 _aTexte en français
650 1 4 _aDroit Pénal
856 4 0 _uhttps://fll.law.cu.edu.eg/fulltext/bks/B10-00853.pdf
905 _a33
_eHassnaa
942 _2ddc
_cBK
_e21
_n0
999 _c48087
_d48087